000
00336nam a2200133Ia 4500
008
240624s9999 xx 000 0 und d
041
_a
eng
082
_a
658.421 TRE
100
_a
TREHAN ALPANA
245
_a
ENTREPRENEURSHIP
260
_c
2015
_a
New Delhi
_b
Dreamtech wiley
300
_a
xviii, : 613 : p. : cm. ; 26
365
_c
RS
_b
33
999
_c
25559
_d
25559